Visual Grammar: A Design Handbook (Record no. 13402)
[ view plain ]
| 000 -LEADER | |
|---|---|
| fixed length control field | 00221 a2200085 4500 |
| 020 ## - INTERNATIONAL STANDARD BOOK NUMBER | |
| International Standard Book Number | 9781568985817 |
| 100 ## - MAIN ENTRY--PERSONAL NAME | |
| Personal name | Christian Leborg |
| 245 ## - TITLE STATEMENT | |
| Title | Visual Grammar: A Design Handbook |
| 260 ## - PUBLICATION, DISTRIBUTION, ETC. | |
| Name of publisher, distributor, etc. | Princeton Architectural Press |
| Date of publication, distribution, etc. | 2006 |
| Withdrawn status | Lost status | Source of classification or shelving scheme | Damaged status | Not for loan | Permanent Location | Current Location | Date acquired | Source of acquisition | Cost, normal purchase price | Full call number | Barcode | Date last seen | Cost, replacement price | Price effective from | Koha item type |
|---|---|---|---|---|---|---|---|---|---|---|---|---|---|---|---|
| BMS College of Architecture, Design and Planning | BMS College of Architecture, Design and Planning | 2025-05-22 | 1 | 1437.17 | 701.8 | AR-UG4641 | 2025-05-22 | 1916.23 | 2025-05-22 | UG Books |